000 00448nab a2200145Ia 4500
003 ES-SlBCS
005 20210601125647.0
008 140529s1982 xxu||||| |||| 00| 0 eng d
041 _aeng
100 1 _aCohen, Stephen
_9155909
245 0 0 _aJutification for a Doctrine of Strict Liability
_c Stephen Cohen
650 0 4 _aResponsabilidad Estricta
_9162079
773 0 _tSocial Theory and Practice
_gvol. 8, 1982, págs. 213-230
_wRev846
942 _cAR
999 _c533967
_d533967